000 00639nam a2200193Ia 4500
003 GCL
008 140319s9999 xx 000 0 ara d
020 _a8662215977
040 _aGCL /
_cGCL
082 0 4 _a920.72
_bع ف
100 1 _aعبدالفتاح سعد محيى
245 1 0 _aفاطمة الزهراء رضى الله عنها /
_cعبدالفتاح سعد محيى
260 _aالقاهرة :
_bدار غريب للطباعة والنشر والتوزيع ،
_c2002
300 _a63 ص ؛
_c24 سم
490 _a
650 0 4 _aفاطمة الزهراء
650 0 4 _aالمرأة فى الاسلام
942 _2ddc
_cBK
999 _c36895
_d36895